| 000 | 00509nam a22001937a 4500 | ||
|---|---|---|---|
| 003 | CEME | ||
| 005 | 20210628201754.0 | ||
| 008 | 210115b xxu||||| |||| 00| 0 eng d | ||
| 020 | _a9781259062704 | ||
| 040 | _c. | ||
| 082 | _a621.56 ANA | ||
| 100 |
_aAnanthanarayanan, P.N _956757 |
||
| 245 | _aBasic refrigeration and air conditioning | ||
| 250 | _a4TH | ||
| 260 |
_aINDIA _bMCGRAW HILL _c2014 |
||
| 300 | _aXXVI, 738P | ||
| 650 |
_aBASIC REFRIGERATION AND AIR CONDITIONING _956758 |
||
| 942 |
_cBK _2ddc |
||
| 999 |
_c567112 _d567112 |
||